Valtioiden maamerkkejä #1 - Statistics

Yleistilastot
  • Tätä visaa on pelattu 371 kertaa
  • Keskiarvotulos 19 / 28
Vastaustilastot
Maamerkki Valtio % Oikein
Taj Mahal Intia
98%
Golden Gate Bridge Yhdysvallat
96%
Buckinghamin palatsi Yhdistynyt kuningaskunta
94%
Kreml Venäjä
92%
Pisan kalteva torni Italia
90%
Akropolis Kreikka
84%
Machu Picchu Peru
82%
Kristus-patsas Brasilia
80%
Monte Carlon kasino Monaco
79%
Gizan sfinksi Egypti
78%
Skansen Ruotsi
76%
Kielletty kaupunki Kiina
74%
Burj Khalifa Yhdistyneet arabiemiraatit
74%
CN Tower Kanada
66%
Kilimanjaro Tansania
65%
Hagia Sofia Turkki
64%
Mont Saint-Michel Ranska
61%
Hallgrímskirkja Islanti
60%
Pietarinkirkko Vatikaanivaltio
57%
Petra Jordania
56%
Petronas Towers Malesia
53%
Länsimuuri Israel
51%
Angkor Wat Kambodža
51%
Hyväntoivon linna Etelä-Afrikka
41%
Ryugyŏng-hotelli Pohjois-Korea
38%
Moai-patsaat Chile
37%
Alhambra Espanja
30%
Bamiyanin (tuhotut) Buddha-patsaat Afganistan
27%
Ehtoja vastaavia visoja ei löytynyt
Tulosjakauma
Jokaisen tuloksen saaneiden osuus
Persentiili vastausten määrän mukaan
Tuloshistoriasi
Et ole pelannut tätä visaa